000
00314 a2200121 4500
005
20250629123557.0
082
_a
658.78 TES
100
_a
TESHA. C .P .
245
_a
Stores Management Manual
260
_a
Dar es salaam,
_b
Tesha, c . p.,
_c
1991.
300
_a
148p.: ill.; figure, table,
_c
20cm.
942
_2
ddc
_c
BKS
999
_c
6324
_d
6324